| 000 | 00000cam 2200000zi 4500 |
| 001 | 9.961790 |
| 003 | CaOODSP |
| 005 | 20260604105439 |
| 006 | m o d f |
| 007 | cr mn||||||||| |
| 008 | 260410e202606 bcca obt f000 0 eng d |
| 020 | |a9780660994819 |
| 040 | |aCaOODSP|beng|erda|cCaOODSP |
| 043 | |an-cn-bc |
| 086 | 1 |aFs143-5/5-2026E-PDF |
| 100 | 1 |aSpooner, Angela, |eauthor. |
| 245 | 10|aEelgrass restoration using the burlap bag seeding (BBS) method / |cby Angela Spooner. |
| 264 | 1|a[Vancouver] : |bFisheries and Oceans Canada = Pêches et océans Canada, |cJune 2026. |
| 264 | 4|c©2026 |
| 300 | |a1 online resource (12 pages) : |billustrations. |
| 336 | |atext|btxt|2rdacontent |
| 337 | |acomputer|bc|2rdamedia |
| 338 | |aonline resource|bcr|2rdacarrier |
| 490 | 1 |aSalmon Habitat Restoration Center of Expertise technical bulletin, |x2818-4629 ; |vv. 5 |
| 500 | |a"Pacific Salmon Strategy Initiative." |
| 500 | |a"Salmon habitat restoration technical bulletin series." |
| 504 | |aIncludes bibliographical references (page 11). |
| 520 | |a"Technical Bulletins are intended to disseminate technical information, guidelines, and workflows relevant to restoration practitioners. This Technical Bulletin describes the methodology for eelgrass seed-based restoration using burlapbags. The method was used in Burrard Inlet by DFO restoration staff and the Tsleil-Waututh Nationsəlilwətaɬ, and builds on earlier published work that describes methodology for eelgrass restoration using the Buoy-Deployed Seeding (BuDS) system"--page [1]. |
| 650 | 0|aZostera marina|xSowing|zBritish Columbia|zPacific Coast. |
| 650 | 0|aSeagrass restoration|zBritish Columbia|zPacific Coast. |
| 650 | 6|aZostère marine|xSemis|zColombie-Britannique|zPacifique, Côte du. |
| 650 | 6|aHerbes marines|xRéhabilitation|zColombie-Britannique|zPacifique, Côte du. |
| 710 | 2 |aSalmon Habitat Restoration Center of Expertise (Canada), |eissuing body. |
| 830 | #0|aTechnical bulletin (Salmon Habitat Restoration Center of Expertise (Canada))|vv. 5.|w(CaOODSP)9.947653 |
| 856 | 40|qPDF|s929 KB|uhttps://publications.gc.ca/collections/collection_2026/mpo-dfo/Fs143-5-5-2026-eng.pdf |